000
00297nam a2200121 a 4500
005
20140414093831.0
008
970110s19uu xx 00 eng d
050
_a
VHS SD
_b
R 38
245
_a
MR. & MS. SIS Grade School Pageant.
260
_c
October 19, 2000.
942
_c
AVM
999
_c
108683
_d
108683